| 000 | 00797cab a2200217 4500 | ||
|---|---|---|---|
| 001 | WB2817-08 | ||
| 008 | 090401t1992 xxu||||| |||| 00| 0 eng d | ||
| 035 | _a(Sirsi) u47966 | ||
| 041 | _aeng | ||
| 245 | _aNew breed on the building scene | ||
| 260 | _c1992 | ||
| 350 | _a0 | ||
| 490 |
_aArchitects` Journal _v195(16) 22 April 1992, 8(1) |
||
| 520 | _aPrivatising building control will lead to the emergence of building control consultants acting as a `super-clerk-of-works`, examining Building Regulations and providing quality control services to the industry. | ||
| 650 |
_aBUILDING CONTROL _96222 |
||
| 650 | _aPRIVATISATION | ||
| 690 | _aBUILDING AND CONSTRUCTION-REGULATIONS | ||
| 690 | _aMANAGEMENT-BUSINESS MANAGEMENT-PROFESSIONAL PRACTICE | ||
| 942 | _n0 | ||
| 948 | _c04/03/1997 | ||
| 999 |
_c30158 _d30158 |
||